Surowce Polski - Statystyki

Ogólne statystyki
  • Ten quiz został rozwiązany 1 324 razy
    1 282 od ostatniego zresetowania
  • Średni wynik to 5 z 8
Odpowiedzi na mapie
Odpowiedzi zakodowano w zielono-czerwonej skali na mapie do tego quizu, zgodnie z poniższymi procentami.
 
Statystyki odpowiedzi
Odpowiedź % Poprawnych
Węgiel kamienny
79%
Ropa naftowa
77%
Węgiel brunatny
72%
Sól kamienna
67%
Siarka
60%
Żelazo
60%
Miedź i srebro
58%
Cynk i ołów
52%
Nie znaleziono quizów pasujących do podanych kryteriów
Rozkład punktacji
Procent ludzi z każdym wynikiem
Percentyl według liczby udzielonych odpowiedzi
Twoja historia wyników
Nie rozwiązałeś tego quizu od ostatniego zresetowania